| 000 | 00913nam a22001817a 4500 | ||
|---|---|---|---|
| 003 | IT-RoPau | ||
| 005 | 20220918175936.0 | ||
| 008 | 121128b xxu||||| |||| 00| 0 eng d | ||
| 040 | _cIT-RoPau | ||
| 100 |
_aAlberione Giacomo _cssp _914 |
||
| 245 |
_aCon il cuore di Paolo. _bAlfabeto della santità |
||
| 250 | _a1° ed. | ||
| 260 |
_aMilano _bFiglie di San Paolo _c2003 |
||
| 300 |
_a277 p. _c17,5 cm |
||
| 500 | _aA cura di Mercedes Mastrostefano. | ||
| 520 | _aINDICE Chi è don Giacomo Alberione; Presentazione; Adorazione; Amore a Dio; Amore al prossimo; Angeli; Anima; Apostolato; Beatitudini; Bibbia; Chiesa; Coscienza; Croce; Demonio; Dio; Eucaristia; Famiglia; Fede; Formazione; Gesù; Giustizia; Grazia; Lavoro; Maria; Mass media; Mente; Morte; Mortificazione; Pace; Paolo; Paradiso; Preghiera; Progresso; Rosario; Speranza; Spirito Santo; Tempo; Tentazione; Vangelo; Vita; Fonti. | ||
| 942 |
_2ddc _cBK |
||
| 999 |
_c37583 _d37583 |
||